000 005840000a22001810004500
041 0 _aSPA
082 0 4 _aG 261.7 C317b
100 1 _aCarrillo de Albornoz, A. F. (Angel Francisco) (1905-)
245 1 0 _aBases de la libertad religiosa / A. F. Carrillo de Albornoz ; Adam F. Sosa, Traductor
260 _aMéxico, DF : Casa Unida de Publicaciones
300 _a224 Pag
500 _aTítulo original : The basis of religious liberty
001 6856
942 _cBK
999 _c37110
_d37110
336 _atexto
_btxt
_2rdacontent
337 _2rdamedia
_asin mediación
_bn
338 _2rdacarrier
_avolumen
_bnc